Préfectures de France : Bordeaux - Statistiques

Statistiques générales
  • Ce quiz a été pris 66 fois
  • Le résultat moyen est 13 sur 25
Statistiques - réponses
Question Réponse % Correct
De quel département est-ce la préfecture ? Gironde
100%
Comment se nomment ses habitants ? Bordelais
97%
A quelle région administrative appartient la ville depuis 2015 ? Nouvelle-Aquitaine
93%
Quel numéro porte celui-ci ? 33
91%
La ville appartient à l'académie de/d' Bordeaux
84%
La ville appartient au diocèse de/d' Bordeaux
84%
La couleur principale du fond du blason est l'/le/la Rouge
67%
Quelles sont les sous-préfectures qui en dépendent ? Libourne
66%
Quelles sont les sous-préfectures qui en dépendent ? Arcachon
62%
Les communes limitrophes dont le nom commence par B sont Bruges
60%
Les communes limitrophes dont le nom commence par B sont Bègles
59%
Nom porté par le pont levant de la ville (prénom et nom) Jacques Chaban-Delmas
57%
Le port touristique est nommé port de la Lune
55%
Les Romains appellent la ville Burdigala
53%
Les communes limitrophes dont le nom commence par B sont Blanquefort
52%
Les communes limitrophes dont le nom commence par B sont Bassens
43%
Quelles sont les sous-préfectures qui en dépendent ? Langon
43%
La cathédrale est dédié à St André
40%
Quelles sont les sous-préfectures qui en dépendent ? Blaye
38%
La ville a été capitale de la Gaule Aquitaine
28%
Quelles sont les sous-préfectures qui en dépendent ? Lesparre-Médoc
26%
Quel animal figure sur le blason de la ville Léopard
17%
De quelle couleur est le croissant du blason ? Argent
5%
Le peuple gaulois qui l'occupe est celui des Bituriges Vivisques
2%
Le 1er évêque est (prénom) Delphin
0%
Aucun quiz correspondant
Distribution des résultats
% des personnes avec chaque résultat
Percentile par nombre de réponses
Votre historique - résultats
Vous n’avez pas pris ce quiz